| 000 | 00724nam a22001577a 4500 | ||
|---|---|---|---|
| 003 | OSt | ||
| 005 | 20151008152402.0 | ||
| 008 | 151008b xxu||||| |||| 00| 0 eng d | ||
| 040 | _cRUA | ||
| 082 | _aAVM HAI 2008 BO81 Or.1 | ||
| 100 |
_92374 _aHAI, GREKHONG. |
||
| 245 | _aEffect of using different protein fiber and energy feed sources on growing rabbit, ឥទ្ធិពលនៃការប្រើប្រាស់ប្រភេទចំណីប្រូតេអ៊ីនជាតិសរសៃ និងថាមពលផ្សេងៗគ្នាទៅលើការលូតលាស់របស់ទន្សាយ | ||
| 260 |
_aPhnom Penh _bRUA _c2008 |
||
| 300 |
_a48p. _bill. _c29cm. |
||
| 942 |
_2ddc _cAVM |
||
| 999 |
_c2237 _d2237 |
||